000 01172cam a2200325 a 4500
001 14290
003 BD-JhCC
005 20250227122711.0
008 970722s1998 enka bi 001 0 eng
020 _a0471976555 (alk. paper)
035 _a(DLC) 14290
040 _aDLC
_cDLC
_dDLC
041 _aenglish
050 0 0 _aQA76.73.J38
_bW557 1998
082 0 0 _a005.133
_221
_bWIN 1999
100 1 _aWinder, R.
_q(Russel)
245 1 0 _aDeveloping Java software /
_cRussel Winder and Graham Roberts.
260 _aChichester ;
_aNew York :
_bJohn Wiley Sons,
_c1999.
300 _axxi, 818 p. :
_bill. ;
_c24 cm.
440 0 _aWordwide series in computer science
504 _aIncludes bibliographical references (p. [799]-801) and index.
650 0 _aJava (Computer program language)
650 0 _aApplication software
_xDevelopment.
650 0 _aObject-oriented programming (Computer science)
700 1 _aRoberts, Graham
856 4 2 _3Publisher description
_uhttp://www.loc.gov/catdir/enhancements/fy0607/97035769-d.html
856 4 1 _3Table of contents only
_uhttp://www.loc.gov/catdir/enhancements/fy0607/97035769-t.html
942 _2ddc
_cBK
999 _c14290
_d14290